Enigmes de logique - Clic - Statistiques

Statistiques générales
  • Ce quiz a été pris 182 fois
  • Le résultat moyen est 10 sur 20
Statistiques - réponses
Hint Explanation Réponse % Correct
713705 = ?OLEIL En inscrivant 713705 sur une calculatrice, on lit Soleil à l'envers. Le S représente le 5. S
87%
Je suis commune à Mercure, Terre et Jupiter, mais exclue de Venus et Neptune ? Venus et Neptune ne contiennent pas la lettre R. R
80%
?AMA ?OIR ?ION ?OUP Quatre animaux commençant par L en quatre lettres. L
75%
Quelle est la lettre préférée des bûcherons ? En lien avec la hache... H
74%
Je transforme une plante en planète. On incorpore simplement une lettre E au mot plante pour obtenir planète. E
72%
Je commence la nuit et je termine le matin. Nuit commence par N et matin termine par N. N
72%
MDCLXV? Par ordre décroissant les valeurs des lettres en chiffres Romains I
69%
RI?L / DIN?R / DIRH?M Il s'agit de trois monnaies du Monde arabe contenant la lettre A. A
68%
Iota ?appa Lambda Trois lettres de l'alphabet grec qui se suivent. K
62%
CTRL + ? = IMPRIMER Ctrl + P (Ctrl P) est un raccourci clavier pour imprimer (Print) P
57%
17 21 9 26 = QUI? Q=17ème lettre, U=21ème lettre, I=9ème lettre, Z=26ème lettre Z
56%
Quel est le centre de Gravité ? La lettre V se place au beau milieu du mot Gravité. V
48%
Mon premier est une lettre de l’alphabet, (c'est ce qu'il faut trouver).
Mon deuxième est un oiseau qui aime tout ce qui brille.
Mon troisième est un talent particulier que l’on peut avoir.
Mon tout a beaucoup de travail le jour de la Saint-Valentin.
Mon premier est Q / Mon deuxième est Pie /Mon troisième est Don / Mon tout est Cupidon Q
47%
?INDO?S11 Windows 11 succède à Windows 10 d'ici fin 2025. W
27%
2004 = ?AUDIO / 1989 = CHAN? / 1974 = BOR? Trois vainqueurs de Roland Garros à 15 ans d'intervalles avec la lettre G. G
25%
DAE?EON / ?EON?U / ?E?U Ces trois villes figurent parmi les 25 plus grandes villes de Corée du Sud. J
23%
ELNOB ALETURB EL?NAURT 3 anagrammes en référence au film "Le bon, la brute et le truand". D
21%
PEEE / ARBES / L?UETER 3 anagrammes des trois types d'armes en escrime : Épée, sabre et fleuret. F
19%
LESOTHO OUZBEKISTAN SIERRA-LEONE = B ? V Drapeaux tricolores horizontaux Bleu Blanc Vert B
14%
D? - SVRS Les voyelles sont retirées, il manque la consonne X pour constituer le département des Deux-Sèvres. X
13%
Aucun quiz correspondant
Distribution des résultats
% des personnes avec chaque résultat
Percentile par nombre de réponses
Votre historique - résultats
Vous n’avez pas pris ce quiz